000 00649nam a2200217Ia 4500
008 210303s9999 xx 000 0 und d
016 _2reto2022b
040 _aNLN
_bEnglish
050 _aB945.J2
_bW5
082 _a191
100 _aJAMES, William
_d1842-1910
_eaut
_941404
245 4 _aThe will to believe, and other essays in popular philosophy /
_cWilliam James
260 _aNew York :
_b Longmans, Green and Co.
_c1897
300 _axvii, 332p.
_b; 20cm
563 _a(pbk)
650 _aPhilosophy
_97018
650 _aBelief and doubt
_96396
650 _a Immortality.
_922334
650 _aHuman immortality.
_960014
942 _cBK
999 _c20553
_d20553